[Event "Wiesbaden op 27th"]
[Site "Wiesbaden"]
[Date "2015.08.30"]
[Round "7"]
[White "Bingert, Tim Niklas"]
[Black "Berberich, Christoph"]
[Result "1-0"]
[WhiteElo "2253"]
[BlackElo "2059"]
[PlyCount "147"]
[EventDate "2015.08.27"]
[EventType "swiss"]
[EventRounds "7"]
[EventCountry "GER"]
[SourceTitle "EXT 2016"]
[Source "ChessBase"]
[SourceDate "2015.10.08"]
[SourceVersion "1"]
[SourceVersionDate "2015.10.08"]
[SourceQuality "1"]

1. e4 c5 2. Nf3 Nc6 3. d4 cxd4 4. Nxd4 Nf6 5. Nc3 e5 6. Ndb5 d6 7. Bg5 a6 8. Na3 b5 9. Nd5 Be7 10. Bxf6 Bxf6 11. c4 b4 12. Nc2 a5 13. g3 0-0 14. Bg2 Bg5 15. h4 Bh6 16. 0-0 Be6 17. Qd3 Rc8 18. b3 Ne7 19. Nde3 Qb6 20. Kh2 g6 21. Rad1 Rfd8 22. Bh3 Bxh3 23. Kxh3 Bxe3 24. Nxe3 Rc5 25. Kg2 Qc6 26. h5 f5 27. hxg6 hxg6 28. Nd5 Nxd5 29. exd5 Qc8 30. Rh1 Kg7 31. Rh4 Rh8 32. Rdh1 Rxh4 33. Rxh4 Qg8 34. Qe3 Kf7 35. Rh6 Kf6 36. f4 e4 37. Qd4+ Kf7 38. Rh8 Qg7 39. Qxg7+ Kxg7 40. Rd8 a4 41. Rxd6 axb3 42. axb3 Ra5 43. Rb6 Ra2+ 44. Kf1 Ra1+ 45. Ke2 Ra2+ 46. Ke3 Rg2 47. Rxb4 Rxg3+ 48. Ke2 g5 49. fxg5 f4 50. c5 Re3+ 51. Kf2 Rf3+ 52. Ke2 Re3+ 53. Kd2 Rd3+ 54. Kc2 Rxd5 55. c6 e3 56. Rxf4 e2 57. Re4 Rc5+ 58. Kb2 Rxc6 59. Rxe2 Rc5 60. b4 Rxg5 61. Kb3 Kf7 62. Ka4 Rg1 63. Ka5 Ra1+ 64. Kb6 Rb1 65. b5 Kf8 66. Kc6 Rc1+ 67. Kb7 Rb1 68. b6 Rb3 69. Kc7 Rc3+ 70. Kb8 Rb3 71. b7 Rb1 72. Re5 Rb2 73. Kc7 Rc2+ 74. Kb6 1-0

[Event "Wiesbaden op 27th"]
[Site "Wiesbaden"]
[Date "2015.08.30"]
[Round "6"]
[White "Mueller, Philipp"]
[Black "Bingert, Tim Niklas"]
[Result "1/2-1/2"]
[WhiteElo "2095"]
[BlackElo "2253"]
[PlyCount "51"]
[EventDate "2015.08.27"]
[EventType "swiss"]
[EventRounds "7"]
[EventCountry "GER"]
[SourceTitle "EXT 2016"]
[Source "ChessBase"]
[SourceDate "2015.10.08"]
[SourceVersion "1"]
[SourceVersionDate "2015.10.08"]
[SourceQuality "1"]

1. e4 e5 2. Nf3 Nc6 3. Bb5 Nf6 4. 0-0 Nxe4 5. d4 Nd6 6. Bxc6 dxc6 7. dxe5 Nf5 8. Qxd8+ Kxd8 9. h3 h5 10. Nc3 Ke8 11. Re1 Be7 12. Ne4 Be6 13. Bg5 Rd8 14. c3 b6 15. g4 hxg4 16. hxg4 Nh4 17. Bxh4 Bxg4 18. Nf6+ gxf6 19. exf6 Bxf3 20. Rxe7+ Kf8 21. Re3 Rxh4 22. Rxf3 Rd2 23. Kg2 Rh6 24. Re1 Rg6+ 25. Kf1 Rd6 26. Rfe3 1/2-1/2

[Event "Wiesbaden op 27th"]
[Site "Wiesbaden"]
[Date "2015.08.29"]
[Round "5"]
[White "Bingert, Tim Niklas"]
[Black "Koellner, Christoph"]
[Result "1/2-1/2"]
[WhiteElo "2253"]
[BlackElo "2021"]
[PlyCount "109"]
[EventDate "2015.08.27"]
[EventType "swiss"]
[EventRounds "7"]
[EventCountry "GER"]
[SourceTitle "EXT 2016"]
[Source "ChessBase"]
[SourceDate "2015.10.08"]
[SourceVersion "1"]
[SourceVersionDate "2015.10.08"]
[SourceQuality "1"]

1. e4 d6 2. d4 Nf6 3. Nc3 e5 4. Nf3 exd4 5. Nxd4 Be7 6. Be2 0-0 7. 0-0 a6 8. a4 c5 9. Nb3 Nc6 10. f4 Nb4 11. Bf3 Qc7 12. Re1 Rd8 13. Qe2 Bf8 14. Be3 Re8 15. Bf2 b6 16. Qd2 Bb7 17. Nc1 Rad8 18. Nd5 Nbxd5 19. exd5 Rxe1+ 20. Bxe1 Re8 21. Ne2 g6 22. Nc3 Qd7 23. Qd3 Bg7 24. Bd2 h5 25. Re1 Rxe1+ 26. Bxe1 Qe8 27. Bd2 Bc8 28. Qe2 Qxe2 29. Bxe2 Ne8 30. Nd1 Nc7 31. c4 Bf5 32. Bc3 Bc2 33. Bxg7 Bxd1 34. Bxd1 Kxg7 35. Kf2 a5 36. Ke3 Kf6 37. Bc2 Ne8 38. g3 Ng7 39. h3 Ne8 40. Bd3 Kg7 41. Kf3 Kh6 42. Bc2 Nc7 43. Bd3 Kg7 44. Bc2 Kf6 45. Bd3 Na6 46. Bc2 Nb4 47. Bb1 Kg7 48. Ke4 Kf6 49. Kf3 Na6 50. Bc2 Ke7 51. Ke3 Nc7 52. Kf3 Ne8 53. Bd3 Ng7 54. Bc2 Kf6 55. Bd3 1/2-1/2

[Event "Hofheim Spring op-A 3rd"]
[Site "Hofheim"]
[Date "2015.04.11"]
[Round "8"]
[White "Bingert, Tim Niklas"]
[Black "Zude, Arno"]
[Result "1/2-1/2"]
[WhiteElo "2198"]
[BlackElo "2389"]
[PlyCount "85"]
[EventDate "2015.04.07"]
[EventType "swiss"]
[EventRounds "9"]
[EventCountry "GER"]
[SourceTitle "CBM 166 Extra"]
[Source "ChessBase"]
[SourceDate "2015.06.18"]
[SourceVersion "1"]
[SourceVersionDate "2015.06.18"]
[SourceQuality "1"]

1. e4 e5 2. Nf3 Nc6 3. Bb5 a6 4. Ba4 d6 5. c3 Bd7 6. d4 Nf6 7. 0-0 g6 8. d5 Ne7 9. Bxd7+ Qxd7 10. Re1 Bg7 11. c4 0-0 12. Nc3 h6 13. c5 Ne8 14. Be3 f5 15. Qb3 Kh7 16. Qxb7 Nf6 17. cxd6 cxd6 18. Qxd7 Nxd7 19. Rad1 Rab8 20. Re2 Nf6 21. Bc1 Rb4 22. Nd2 Rc8 23. f3 h5 24. Nb3 Bh6 25. Bxh6 Kxh6 26. Nc1 Rc7 27. Nd3 Rd4 28. Nf2 fxe4 29. fxe4 Rdc4 30. Rd3 Neg8 31. g3 Nd7 32. Kg2 Ngf6 33. h3 Kg7 34. Kf3 Nc5 35. Rde3 Rb7 36. b3 Rd4 37. Nfd1 Rf7 38. Kg2 Ncxe4 39. Rxe4 Nxe4 40. Rxe4 Rd2+ 41. Re2 Rd3 42. Re3 Rd2+ 43. Re2 1/2-1/2

[Event "Hessen-ch U18"]
[Site "Bad Homburg"]
[Date "2015.04.02"]
[Round "5"]
[White "Bingert, Tim Niklas"]
[Black "Keller, Peter1111"]
[Result "1/2-1/2"]
[WhiteElo "2198"]
[BlackElo "2046"]
[PlyCount "79"]
[EventDate "2015.03.30"]
[EventType "swiss"]
[EventRounds "7"]
[EventCountry "GER"]
[SourceTitle "EXT 2017"]
[Source "ChessBase"]
[SourceDate "2016.10.25"]
[SourceVersion "1"]
[SourceVersionDate "2016.10.25"]
[SourceQuality "1"]

1. e4 e5 2. Nf3 Nc6 3. Bb5 a6 4. Ba4 Nf6 5. d3 b5 6. Bb3 Bc5 7. 0-0 d6 8. c3 h6 9. Nbd2 0-0 10. h3 Bb6 11. Re1 Ne7 12. Nf1 Ng6 13. Ng3 Re8 14. d4 Bb7 15. Bc2 d5 16. Nxe5 Nxe5 17. dxe5 Nxe4 18. Nxe4 dxe4 19. Bf4 Qh4 20. g3 Qxh3 21. Bxe4 Bxe4 22. Rxe4 Qf5 23. Qe2 Re6 24. Re1 Rae8 25. Kg2 g5 26. g4 Qg6 27. Bg3 f6 28. f3 f5 29. gxf5 Qxf5 30. Qd3 c6 31. Rd4 Qxd3 32. Rxd3 Bc7 33. f4 gxf4 34. Bxf4 Kf7 35. Rd7+ R8e7 36. Rxe7+ Kxe7 37. Kf3 Rg6 38. Rh1 Ke6 39. Rxh6 Rxh6 40. Bxh6 1/2-1/2

[Event "Hessen-ch U18"]
[Site "Bad Homburg"]
[Date "2015.03.30"]
[Round "2"]
[White "Thomas, Tobias"]
[Black "Bingert, Tim Niklas"]
[Result "1/2-1/2"]
[WhiteElo "1796"]
[BlackElo "2198"]
[PlyCount "148"]
[EventDate "2015.03.30"]
[EventType "swiss"]
[EventRounds "7"]
[EventCountry "GER"]
[SourceTitle "EXT 2017"]
[Source "ChessBase"]
[SourceDate "2016.10.25"]
[SourceVersion "1"]
[SourceVersionDate "2016.10.25"]
[SourceQuality "1"]

1. e4 e5 2. Nf3 Nc6 3. d4 exd4 4. Nxd4 Nf6 5. Bb5 a6 6. Bxc6 dxc6 7. 0-0 c5 8. Nf3 Qxd1 9. Rxd1 Nxe4 10. Re1 f5 11. Nc3 Kf7 12. Nxe4 fxe4 13. Rxe4 Bd6 14. c3 Bf5 15. Re1 Rhe8 16. Bd2 h6 17. h3 Rad8 18. Rxe8 Rxe8 19. Be3 Ke6 20. Rd1 b6 21. g4 Be4 22. Nd2 Bc2 23. Re1 Kd5 24. Kg2 b5 25. b3 Bd3 26. f3 c4 27. b4 c5 28. a3 a5 29. bxa5 Ra8 30. Ne4 Bxe4 31. fxe4+ Kc6 32. Bc1 Be5 33. Re3 Rxa5 34. Rf3 Ra7 35. Kf2 Kd6 36. Ke2 Ke6 37. Kf2 Rf7 38. Rxf7 Kxf7 39. Bd2 Ke6 40. h4 Kd6 41. Kf3 Kc6 42. g5 h5 43. Ke2 g6 44. Kd1 Kd6 45. Ke2 Kc6 46. Kd1 Kb6 47. Kc1 Bg3 48. Kd1 Bxh4 49. Bf4 Bf2 50. Ke2 Bg1 51. Kf1 Bd4 52. cxd4 cxd4 53. Ke2 Kc6 54. Kd2 Kc5 55. Kc2 h4 56. Bh2 Kc6 57. Be5 h3 58. Bh2 Kc5 59. Bg3 b4 60. axb4+ Kxb4 61. Bd6+ Kb5 62. Bg3 Kc5 63. Bh2 c3 64. e5 Kd5 65. Kd3 Ke6 66. Bg3 Kf5 67. Bh2 Kxg5 68. Kc2 Kf5 69. Kd3 g5 70. Bg3 Ke6 71. Bh2 Kd5 72. Bg3 Ke6 73. Bh2 Kd5 74. Bg3 Ke6 1/2-1/2

[Event "Staufer op-A 27th"]
[Site "Schwaebisch Gmuend"]
[Date "2015.01.02"]
[Round "1"]
[White "Bingert, Tim Niklas"]
[Black "Burmakin, Vladimir"]
[Result "0-1"]
[WhiteElo "2208"]
[BlackElo "2578"]
[PlyCount "58"]
[EventDate "2015.01.02"]
[EventType "swiss"]
[EventRounds "9"]
[EventCountry "GER"]
[SourceTitle "CBM 164 Extra"]
[Source "ChessBase"]
[SourceDate "2015.03.02"]
[SourceVersion "1"]
[SourceVersionDate "2015.03.02"]
[SourceQuality "1"]

1. e4 c6 2. d4 d5 3. e5 Bf5 4. Be3 e6 5. Nd2 Nd7 6. Ngf3 Ne7 7. Nh4 Bg6 8. Be2 c5 9. c3 Nc6 10. Nxg6 hxg6 11. 0-0 Qb6 12. Qb3 cxd4 13. Qxb6 Nxb6 14. cxd4 Kd7 15. Rfc1 Rc8 16. Nb3 Na4 17. Bb5 Nxb2 18. Na5 a6 19. Bxc6+ bxc6 20. Rab1 Ba3 21. Rc2 Rb8 22. Nxc6 Rb5 23. Na7 Rbb8 24. Nc6 Rb5 25. Na7 Rb4 26. Rc3 Nc4 27. Rxb4 Bxb4 28. Rb3 Rb8 29. Bc1 Rb6 0-1

[Event "Wiesbaden op 26th"]
[Site "Wiesbaden"]
[Date "2014.08.30"]
[Round "5"]
[White "Bingert, Tim Niklas"]
[Black "Nagel, Bernhard"]
[Result "1/2-1/2"]
[WhiteElo "2120"]
[BlackElo "2204"]
[PlyCount "60"]
[EventDate "2014.08.28"]
[EventType "swiss"]
[EventRounds "7"]
[EventCountry "GER"]
[SourceTitle "CBM 162 Extra"]
[Source "ChessBase"]
[SourceDate "2014.10.17"]
[SourceVersion "1"]
[SourceVersionDate "2014.10.17"]
[SourceQuality "1"]

1. e4 e5 2. Nf3 Nc6 3. Bb5 a6 4. Ba4 Nf6 5. d3 d6 6. c3 Bd7 7. 0-0 g6 8. Bg5 h6 9. Bh4 Be7 10. Nbd2 Nh5 11. Bg3 0-0 12. Re1 Qe8 13. Bb3 Kh7 14. d4 Nxg3 15. hxg3 Bf6 16. dxe5 Nxe5 17. Nxe5 Bxe5 18. Nf3 Rd8 19. Nxe5 dxe5 20. Qf3 Be6 21. Rad1 Qe7 22. Rxd8 Rxd8 23. Rd1 Bxb3 24. axb3 Kg7 25. Rd3 Qg5 26. Kh2 Qe7 27. Rxd8 Qxd8 28. Qe3 Qd1 29. Qc5 Qh5+ 30. Kg1 Qd1+ 1/2-1/2

[Event "Wiesbaden op 26th"]
[Site "Wiesbaden"]
[Date "2014.08.30"]
[Round "4"]
[White "Minor, Samuel"]
[Black "Bingert, Tim Niklas"]
[Result "0-1"]
[WhiteElo "2229"]
[BlackElo "2120"]
[PlyCount "120"]
[EventDate "2014.08.28"]
[EventType "swiss"]
[EventRounds "7"]
[EventCountry "GER"]
[SourceTitle "CBM 162 Extra"]
[Source "ChessBase"]
[SourceDate "2014.10.17"]
[SourceVersion "1"]
[SourceVersionDate "2014.10.17"]
[SourceQuality "1"]

1. e4 e5 2. Bc4 Nf6 3. d3 c6 4. Nf3 d5 5. exd5 cxd5 6. Bb3 Nc6 7. 0-0 Be6 8. Re1 Qc7 9. Ng5 Bg4 10. f3 Bc5+ 11. Kh1 Bh5 12. Be3 Bxe3 13. Rxe3 h6 14. Nh3 0-0-0 15. Qe1 e4 16. dxe4 dxe4 17. Nd2 exf3 18. Nxf3 Rhe8 19. Rd1 Rxd1 20. Rxe8+ Nxe8 21. Qxd1 Qd6 22. Qxd6 Nxd6 23. Bd5 Ne7 24. Bb3 g5 25. Kg1 Kc7 26. c3 f6 27. Nd4 Nc6 28. Ne6+ Kd7 29. Nc5+ Kc7 30. Nf2 Ne5 31. Bd5 b6 32. Ne6+ Kd7 33. Nd4 Bg6 34. Kf1 Ndc4 35. Nd1 Bh5 36. Nf3 Nxf3 37. gxf3 Ne5 38. Ke2 Kd6 39. c4 g4 40. fxg4 Bxg4+ 41. Kd2 Bxd1 42. Kxd1 Kc5 43. b3 b5 44. Ke2 bxc4 45. bxc4 Nxc4 46. Bg8 Ne5 47. Kf2 Kd4 48. Bh7 a5 49. a4 Nd3+ 50. Kf3 Nc5 51. Kf4 Nxa4 52. Bg6 Nc3 53. Be8 Kc4 54. Kf5 Nb5 55. Kxf6 a4 56. Kg6 a3 57. Bf7+ Kc3 58. Kxh6 Nd4 59. Ba2 Kb2 60. Kg6 Kxa2 0-1

[Event "Wiesbaden op 26th"]
[Site "Wiesbaden"]
[Date "2014.08.29"]
[Round "3"]
[White "Bingert, Tim Niklas"]
[Black "Soost, Stefan"]
[Result "1-0"]
[WhiteElo "2120"]
[BlackElo "1953"]
[PlyCount "65"]
[EventDate "2014.08.28"]
[EventType "swiss"]
[EventRounds "7"]
[EventCountry "GER"]
[SourceTitle "CBM 162 Extra"]
[Source "ChessBase"]
[SourceDate "2014.10.17"]
[SourceVersion "1"]
[SourceVersionDate "2014.10.17"]
[SourceQuality "1"]

1. e4 c5 2. Nf3 Nc6 3. d4 cxd4 4. Nxd4 Nf6 5. Nc3 e5 6. Ndb5 d6 7. Bg5 a6 8. Na3 b5 9. Nd5 Be7 10. Bxf6 Bxf6 11. c4 b4 12. Nc2 0-0 13. g3 a5 14. Bg2 Rb8 15. b3 a4 16. 0-0 Bg5 17. Qd3 a3 18. h4 Bh6 19. Kh2 Be6 20. Bh3 Bxh3 21. Kxh3 g6 22. Kg2 f5 23. Rad1 Kh8 24. exf5 gxf5 25. Nde3 Bxe3 26. fxe3 Rg8 27. Qxf5 Qxh4 28. Qf6+ Qxf6 29. Rxf6 Rg7 30. Rdxd6 Rbg8 31. Rxc6 Rxg3+ 32. Kf1 Rg1+ 33. Ke2 1-0

[Event "Wiesbaden op 26th"]
[Site "Wiesbaden"]
[Date "2014.08.28"]
[Round "1"]
[White "Bingert, Tim Niklas"]
[Black "Brandt, Michael"]
[Result "1-0"]
[WhiteElo "2120"]
[BlackElo "1762"]
[PlyCount "72"]
[EventDate "2014.08.28"]
[EventType "swiss"]
[EventRounds "7"]
[EventCountry "GER"]
[SourceTitle "CBM 162 Extra"]
[Source "ChessBase"]
[SourceDate "2014.10.17"]
[SourceVersion "1"]
[SourceVersionDate "2014.10.17"]
[SourceQuality "1"]

1. e4 c5 2. Nf3 Nc6 3. d4 cxd4 4. Nxd4 e5 5. Nb5 d6 6. N1c3 a6 7. Na3 b5 8. Nd5 Nf6 9. Bg5 Be7 10. Bxf6 gxf6 11. c3 f5 12. Bd3 Be6 13. Qh5 Bf6 14. Nxf6+ Qxf6 15. exf5 Bd7 16. Nc2 Ne7 17. Ne3 Qg7 18. Qf3 Nc6 19. Nd5 Ra7 20. 0-0 f6 21. Qh5+ Kf8 22. a4 Be8 23. Qh4 Qg5 24. Qxg5 fxg5 25. axb5 axb5 26. Bxb5 Rb7 27. Bxc6 Bxc6 28. Ra8+ Be8 29. b4 Kf7 30. Rfa1 Rf8 31. R1a7 Rxa7 32. Rxa7+ Kg8 33. c4 Rf7 34. Ra8 Kf8 35. b5 h5 36. b6 g4 1-0

[Event "GER-ch U16"]
[Site "Magdeburg"]
[Date "2014.06.12"]
[Round "7"]
[White "Herzum, Peter"]
[Black "Bingert, Tim Niklas"]
[Result "0-1"]
[WhiteElo "1971"]
[BlackElo "2163"]
[PlyCount "74"]
[EventDate "2014.06.08"]
[EventType "swiss"]
[EventRounds "9"]
[EventCountry "GER"]
[SourceTitle "CBM 160 Extra"]
[Source "ChessBase"]
[SourceDate "2014.07.01"]
[SourceVersion "1"]
[SourceVersionDate "2014.07.01"]
[SourceQuality "1"]

1. e4 e5 2. Nf3 Nc6 3. Bb5 Nf6 4. 0-0 Nxe4 5. Re1 Nd6 6. Nxe5 Nxe5 7. Rxe5+ Be7 8. Bf1 0-0 9. Nc3 Ne8 10. Nd5 Bd6 11. Re1 c6 12. Ne3 Bc7 13. Nf5 d5 14. Ne7+ Kh8 15. Nxc8 Rxc8 16. d3 Nd6 17. Qf3 Qd7 18. Bd2 Rce8 19. g3 Kg8 20. h4 Re6 21. Re2 Rf6 22. Qh1 Bb6 23. Bg5 Rg6 24. Bh3 Qc7 25. Re7 Qb8 26. Rae1 Bd8 27. R7e2 Bxg5 28. hxg5 Rxg5 29. Bd7 Qd8 30. Qh3 Rg6 31. Bg4 Qf6 32. c3 Qg5 33. Bc8 Rh6 34. Qd7 Qh5 35. f4 Nxc8 36. Re8 Qh1+ 37. Kf2 Rh2+ 0-1

[Event "GER-ch U16"]
[Site "Magdeburg"]
[Date "2014.06.10"]
[Round "4"]
[White "Bingert, Tim Niklas"]
[Black "Schmekel, Florian"]
[Result "1/2-1/2"]
[WhiteElo "2163"]
[BlackElo "1721"]
[PlyCount "70"]
[EventDate "2014.06.08"]
[EventType "swiss"]
[EventRounds "9"]
[EventCountry "GER"]
[SourceTitle "CBM 160 Extra"]
[Source "ChessBase"]
[SourceDate "2014.07.01"]
[SourceVersion "1"]
[SourceVersionDate "2014.07.01"]
[SourceQuality "1"]

1. e4 c5 2. Nf3 Nc6 3. d4 cxd4 4. Nxd4 g6 5. c4 Nf6 6. Nc3 d6 7. Be2 Nxd4 8. Qxd4 Bg7 9. Be3 0-0 10. Qd2 Be6 11. 0-0 Qa5 12. Rac1 Rfc8 13. b3 a6 14. Nd5 Qxd2 15. Bxd2 Nxd5 16. exd5 Bd7 17. a4 Bd4 18. a5 Bf5 19. Bc3 Bxc3 20. Rxc3 Rc7 21. Re3 Kf8 22. g4 Bd7 23. f4 h6 24. f5 g5 25. f6 Re8 26. Kg2 Rcc8 27. fxe7+ Rxe7 28. Rxe7 Kxe7 29. h3 f6 30. Bd3 Kf7 31. Re1 Rh8 32. Kg3 h5 33. b4 hxg4 34. hxg4 Rh4 35. Be2 Ke8 1/2-1/2

[Event "Hessenliga 1314"]
[Site "Germany"]
[Date "2014.04.27"]
[Round "9.4"]
[White "Bingert, Tim Niklas"]
[Black "Feist, Peter"]
[Result "0-1"]
[WhiteElo "2044"]
[BlackElo "2249"]
[PlyCount "98"]
[EventDate "2013.09.29"]
[EventType "team-tourn"]
[EventRounds "9"]
[EventCountry "GER"]
[SourceTitle "EXT 2015"]
[Source "ChessBase"]
[SourceDate "2014.11.20"]
[SourceVersion "1"]
[SourceVersionDate "2014.11.20"]
[SourceQuality "1"]
[WhiteTeam "Langen"]
[BlackTeam "Dotzheim"]
[WhiteTeamCountry "GER"]
[BlackTeamCountry "GER"]

1. e4 c5 2. Nf3 d6 3. Bb5+ Nd7 4. d4 cxd4 5. Qxd4 a6 6. Bxd7+ Bxd7 7. 0-0 e5 8. Qd3 h6 9. c4 Nf6 10. Nc3 Rc8 11. b3 Be7 12. h3 0-0 13. Be3 b5 14. Nd2 Qc7 15. Rfc1 Qb7 16. Nd5 Nxd5 17. cxd5 f5 18. f3 fxe4 19. fxe4 Rxc1+ 20. Rxc1 Bd8 21. Nf1 Bb6 22. Bxb6 Qxb6+ 23. Ne3 Rf4 24. Rf1 b4 25. Kh2 Rxf1 26. Nxf1 Bb5 27. Qf3 Qd8 28. Ng3 Bd7 29. Qf2 Qc7 30. Nf5 Bc8 31. Ne3 a5 32. Qe2 Qa7 33. Qc2 Bd7 34. Nf5 Bxf5 35. exf5 Qc5 36. Qe4 Kf7 37. h4 Qd4 38. Qxd4 exd4 39. Kg3 Kf6 40. Kf4 d3 41. Ke3 Kxf5 42. Kxd3 Ke5 43. Kc4 h5 44. Kb5 Kxd5 45. Kxa5 Kc5 46. Ka4 d5 47. a3 bxa3 48. Kxa3 Kd4 49. Kb2 Kd3 0-1

[Event "Hofheim Spring op-A 2nd"]
[Site "Hofheim"]
[Date "2014.04.23"]
[Round "2"]
[White "Bingert, Tim Niklas"]
[Black "Weber, Ulrich"]
[Result "0-1"]
[WhiteElo "2091"]
[BlackElo "2432"]
[PlyCount "170"]
[EventDate "2014.04.22"]
[EventType "swiss"]
[EventRounds "9"]
[EventCountry "GER"]
[SourceTitle "CBM 160 Extra"]
[Source "ChessBase"]
[SourceDate "2014.07.01"]
[SourceVersion "1"]
[SourceVersionDate "2014.07.01"]
[SourceQuality "1"]

1. e4 c5 2. Nf3 d6 3. Bb5+ Bd7 4. Bxd7+ Qxd7 5. 0-0 Nc6 6. Qe2 Nf6 7. Rd1 g6 8. c3 Qg4 9. Re1 Bg7 10. d4 cxd4 11. cxd4 d5 12. e5 Ne4 13. Nc3 Nxc3 14. bxc3 0-0 15. Ba3 Rac8 16. Qb5 Qd7 17. Rab1 Rc7 18. c4 Rd8 19. c5 Qg4 20. h3 Qf5 21. Bb4 Rb8 22. Qe2 h6 23. Rb3 g5 24. Bd2 Kh8 25. Qd3 Qxd3 26. Rxd3 f6 27. exf6 Bxf6 28. Be3 Kg7 29. h4 Kg6 30. hxg5 hxg5 31. g4 Nd8 32. Bd2 b6 33. cxb6 axb6 34. Bb4 Rbb7 35. Ne5+ Kg7 36. a3 Ne6 37. Rd2 Nf4 38. Nd3 Ng6 39. Ne5 Bxe5 40. dxe5 e6 41. Kg2 Rc4 42. f3 Rbc7 43. Kg3 Rc2 44. Red1 R7c4 45. Rxc2 Rxc2 46. Rd2 Rc1 47. Re2 Kf7 48. Bd2 Rc2 49. Kf2 Nxe5 50. Bxg5 Nd3+ 51. Ke3 Rc3 52. Kd4 Rxa3 53. Bd8 Nf4 54. Re3 Ra4+ 55. Ke5 b5 56. Rb3 Ng6+ 57. Kd6 b4 58. Kc5 Ra3 59. Kxb4 Rxb3+ 60. Kxb3 Ne5 61. f4 Nxg4 62. Kc3 Kg6 63. Kd4 Kf5 64. Bc7 Nf6 65. Ke3 Kg4 66. Kd4 Nh5 67. Ke3 Ng7 68. Kd4 Ne8 69. Bb8 Kf5 70. Be5 Nf6 71. Bc7 Ng8 72. Bd6 Nh6 73. Bc7 Nf7 74. Ke3 Nh8 75. Bd6 Ng6 76. Kf3 Kf6 77. Ke3 Nh4 78. Be5+ Kf5 79. Bc7 Kg4 80. Kd4 Nf5+ 81. Ke5 Ng7 82. Bb8 Kf3 83. Kf6 d4 84. Be5 d3 85. Bc3 Kxf4 0-1

[Event "Hessen-ch U16"]
[Site "Bad Homburg"]
[Date "2014.04.15"]
[Round "2"]
[White "Everett, Elijah David"]
[Black "Bingert, Tim Niklas"]
[Result "1-0"]
[WhiteElo "2049"]
[BlackElo "2091"]
[PlyCount "81"]
[EventDate "2014.04.??"]
[EventType "swiss"]
[EventRounds "7"]
[EventCountry "GER"]
[SourceTitle "EXT 2022"]
[Source "ChessBase"]
[SourceDate "2021.10.06"]
[SourceVersion "1"]
[SourceVersionDate "2021.10.06"]
[SourceQuality "1"]

1. e4 e5 2. Nf3 Nc6 3. Bc4 Bc5 4. b4 Bxb4 5. c3 Ba5 6. d4 d6 7. Qb3 Qd7 8. dxe5 Bb6 9. Nbd2 Na5 10. Qc2 Nxc4 11. Nxc4 d5 12. exd5 Qxd5 13. Qa4+ Bd7 14. Nxb6 cxb6 15. Qd4 Ne7 16. Ba3 Qxd4 17. cxd4 Bc6 18. Bxe7 Kxe7 19. Ke2 Rac8 20. Rac1 Bd5 21. a3 Rc6 22. Rxc6 bxc6 23. Ke3 g6 24. Rc1 Rc8 25. g3 c5 26. dxc5 Rxc5 27. Rxc5 bxc5 28. Ng5 Kd7 29. Nxh7 Kc6 30. Nf6 Be6 31. Kd3 Kb5 32. Kc3 Ka4 33. Ne4 Kxa3 34. Nxc5 Bf5 35. f3 Bh3 36. g4 Bg2 37. f4 Bf3 38. h3 Bg2 39. f5 gxf5 40. gxf5 Bc6 41. h4 1-0

[Event "Staufer op 26th"]
[Site "Schwaebisch Gmuend"]
[Date "2014.01.06"]
[Round "9"]
[White "Bingert, Tim Niklas"]
[Black "Liez, Franziska"]
[Result "1-0"]
[WhiteElo "2077"]
[BlackElo "1831"]
[PlyCount "55"]
[EventDate "2014.01.02"]
[EventType "swiss"]
[EventRounds "9"]
[EventCountry "GER"]
[SourceTitle "CBM 158 Extra"]
[Source "ChessBase"]
[SourceDate "2014.02.28"]
[SourceVersion "1"]
[SourceVersionDate "2014.02.28"]
[SourceQuality "1"]

1. e4 e5 2. Nf3 Nc6 3. Bb5 a6 4. Ba4 Nf6 5. d3 b5 6. Bb3 Be7 7. c3 d6 8. Nbd2 0-0 9. 0-0 Na5 10. Bc2 c5 11. Re1 Nc6 12. h3 Bd7 13. Nf1 h6 14. Ng3 Nh7 15. a4 Rb8 16. axb5 axb5 17. d4 Qc7 18. d5 Na5 19. Nf5 Bxf5 20. exf5 Nf6 21. Nh2 Nc4 22. Ng4 Nxg4 23. Qxg4 Kh8 24. f6 Bxf6 25. Qf5 g6 26. Qxf6+ Kh7 27. Qh4 h5 28. Qxh5+ 1-0

[Event "Hessenliga 1314"]
[Site "Germany"]
[Date "2013.12.08"]
[Round "4.1"]
[White "Ugolyk, Vitaliy"]
[Black "Bingert, Tim Niklas"]
[Result "1/2-1/2"]
[WhiteElo "2255"]
[BlackElo "2044"]
[PlyCount "62"]
[EventDate "2013.09.29"]
[EventType "team-tourn"]
[EventRounds "9"]
[EventCountry "GER"]
[SourceTitle "EXT 2015"]
[Source "ChessBase"]
[SourceDate "2014.11.20"]
[SourceVersion "1"]
[SourceVersionDate "2014.11.20"]
[SourceQuality "1"]
[WhiteTeam "Fulda"]
[BlackTeam "Langen"]
[WhiteTeamCountry "GER"]
[BlackTeamCountry "GER"]

1. d4 d5 2. c4 e6 3. Nf3 Nf6 4. g3 Bb4+ 5. Bd2 Be7 6. Bg2 c6 7. Qc2 0-0 8. 0-0 b6 9. Bf4 Ba6 10. Nbd2 Nbd7 11. Rfd1 Nh5 12. Ne5 Nxf4 13. gxf4 Nxe5 14. dxe5 Bb7 15. Nf3 Qb8 16. e3 Rd8 17. cxd5 cxd5 18. Nd4 Rc8 19. Qe2 Bc5 20. a3 Bxd4 21. Rxd4 Qc7 22. Rad1 Qc2 23. R4d2 Qf5 24. h3 g6 25. Qg4 Rc7 26. Qxf5 gxf5 27. Bf1 a5 28. Bd3 Ba6 29. Bxa6 Rxa6 30. Kf1 b5 31. Ke2 Rac6 1/2-1/2

[Event "Wiesbaden op 25th"]
[Site "Wiesbaden"]
[Date "2013.08.24"]
[Round "5"]
[White "Hoffmann, Jens"]
[Black "Bingert, Tim Niklas"]
[Result "0-1"]
[WhiteElo "1655"]
[BlackElo "2026"]
[PlyCount "96"]
[EventDate "2013.08.22"]
[EventType "swiss"]
[EventRounds "7"]
[EventCountry "GER"]
[SourceTitle "EXT 2014"]
[Source "ChessBase"]
[SourceDate "2013.11.20"]
[SourceVersion "1"]
[SourceVersionDate "2013.11.20"]
[SourceQuality "1"]

1. e4 c5 2. Nf3 Nc6 3. d4 cxd4 4. Nxd4 g6 5. Nc3 Bg7 6. Be3 Nf6 7. f3 0-0 8. Qd2 d5 9. Nxc6 bxc6 10. 0-0-0 Be6 11. Bh6 dxe4 12. fxe4 Qa5 13. Bxg7 Kxg7 14. a3 Rab8 15. Be2 Rb7 16. Nb1 Qe5 17. Qd4 Qxe4 18. Bf3 Qxd4 19. Rxd4 Bd5 20. Rd3 e5 21. Rd2 Re8 22. Bxd5 cxd5 23. Re1 Rd7 24. Nc3 e4 25. Nb5 Ng4 26. h3 Ne5 27. Nc3 Rc8 28. Kb1 Rxc3 29. bxc3 Nc4 30. Rd4 Nxa3+ 31. Kb2 Nc4+ 32. Rxc4 dxc4 33. Rxe4 Rd2 34. g4 Rh2 35. Rxc4 Rxh3 36. Rf4 Rh4 37. c4 h5 38. c5 hxg4 39. c6 f5 40. c7 Rh8 41. Rd4 Rc8 42. Rd7+ Kf6 43. c4 g3 44. Kc3 f4 45. Kb4 g2 46. Kb5 g1Q 47. Kc6 Qb6+ 48. Kd5 Qe6+ 0-1